000 00606nam a2200217Ia 4500
003 OSt
005 20220926043300.0
006 a|||||r|||| 00| 0
007 ta
008 220923b |||||||| |||| 00| 0 eng d
037 _cGeneral Book
040 _aRTL
_cRTL
_beng
041 _2eng
_aeng
082 _aX9(M71).73,h.N3, K6
100 _aGalambos Louis
_9278452
245 0 _aCompetition and cooperation
_b The emergence of a N
260 _c1966
650 _aCotton Industry
_9229873
942 _hX9(M71).73,h.N3, K6
_cGB
_2CC
999 _c671953
_d671953